000 00361nam a2200145Ia 4500
008 191201s2009 xx 000 0 und d
082 _a005.12
_bUPD
100 _aUPADHYAY, Nitin
245 0 _aDesign and Analysis of Algorithms
250 _aRep.
260 _aN.Delhi
_bS K Kataria and Sons
_c2009
300 _a476
650 _aB.Tech(CSE)
942 _2ddc
_cBK
999 _c4058
_d4058